000 00500nam a22001937i 4500
001 3387
003 OSt
005 20170126082318.0
007 tu
008 161220s1996 xxu||||| |||| 00| 0 d
024 7 _a3386
_2RID
040 _cOSt
084 _a11.431
_2z
245 0 0 _aCentral and Eastern Europe on the Way into the European Union. Problems and Prospects of Integration in 1996
260 _aGütersloh,
_c1996.
300 _a268 S. ;
_c30cm.
651 _aEU
110 2 _aBertelsmann Stiftung
_eEd.
942 _cB
999 _c3337
_d3337